000
00328 a2200145 4500
001
166525
020
_a
040
_c
Magnum
100
_a
Brum, Argemiro J.
240
1
0
_a
O desenvolvimento economico brasileiro
_l
por
245
1
0
_a
O desenvolvimento economico brasileiro
362
0
_a
1899
697
_a
GERAL
942
_c
BK
999
_c
166525
_d
166525